Normal view MARC view

Entry Personal Name

Number of records used in: 1

001 - CONTROL NUMBER

  • control field: 167289

003 - CONTROL NUMBER IDENTIFIER

  • control field: OSt

005 - DATE AND TIME OF LATEST TRANSACTION

  • control field: 20220923223301.0

008 - FIXED-LENGTH DATA ELEMENTS

  • fixed length control field: 220923|| aca||aabn | a|a d

040 ## - CATALOGING SOURCE

  • Original cataloging agency: OSt
  • Transcribing agency: OSt

100 ## - HEADING--PERSONAL NAME

  • Personal name: तिवारी, सुरेन्द्र; सुरिन्दर सिंह, संपा

670 ## - SOURCE DATA FOUND

  • Source citation: Work cat.: (OSt)363082: तिवारी, सुरेन्द्र; सुरिन्दर सिंह, संपा., भारती संगम से सागर, 1987
Copyright @ Delhi University Library System